| 000 | 00659nam a2200217 i 4500 | ||
|---|---|---|---|
| 001 | 88294 | ||
| 003 | ES-MaACL | ||
| 005 | 20250817210106.0 | ||
| 007 | t| | ||
| 008 | 050104s1923 fr ||||1| fre d | ||
| 080 | _a930 Renan, Ernest. Vie de Jésus | ||
| 080 | _a27-312 | ||
| 100 | 1 |
_aLagrange, Marie-Joseph. _969604 |
|
| 245 | 1 | 3 |
_aLa vie de Jésus d'aprés Renan / _cMarie-Joseph Lagrange. |
| 260 |
_aParis : _bJ. Gabalda, _c1923. |
||
| 300 |
_a144 p. ; _c20 cm. |
||
| 600 | 1 | 7 |
_aRenan, Ernest, _d1823-1892. _tVie de Jésus _2 _9148408 |
| 600 | 0 | 4 |
_aJesucristo- _xBiografías. _9140032 |
| 852 | 4 |
_aES-MaACL _jG-3420 |
|
| 999 |
_c88294 _d88294 |
||